Statistieken voor Raad de Taal

Klik hier om de quiz te nemen!

Algemene statistieken

  • Deze quiz is 1.042 keer genomen
  • De gemiddelde score is 14 van 24

Antwoordstatistieken

Taal% Correct
Nederlands
100%
Engels
99%
Frans
99%
Spaans
98%
Arabisch
94%
Chinees
89%
Russisch
86%
Duits
81%
Portugees
73%
Italiaans
67%
Zweeds
64%
Turks
63%
Japans
59%
Koreaans
57%
Grieks
54%
Hebreeuws
46%
Vietnamees
38%
Hindi
34%
Thais
31%
Perzisch
21%
Swahili
19%
Maleisisch
18%
Urdu
13%
Marathi
6%

Scoreverdeling

Percentiel versus Aantal Correcte Antwoorden

Procent van Mensen met Elke Score

Uw Scoregeschiedenis

U heeft deze quiz nog niet genomen